Pokračujúca transformácia železničnej dopravy na Slovensku a niektoré jej dopady na regióny

Inštitucionálny rámec transformácie železničnej dopravy na Slovensku. Železnice a regionálny rozvoj v Slovenskej republike. Transformácia regionálnych železničných tratí.

Gespeichert in:
Bibliographische Detailangaben
1. Verfasser: Horňák, Marcel
Format: Buchkapitel
Sprache:Slowakisch
Schlagworte:
Tags: Tag hinzufügen
Keine Tags, Fügen Sie das erste Tag hinzu!

MARC

LEADER 00000naa$a2200000$$$4500
001 0043870
005 20231107114421.8
041 0 |a slo 
044 |a CZ 
245 1 0 |a Pokračujúca transformácia železničnej dopravy na Slovensku a niektoré jej dopady na regióny  |c Marcel Horňák 
520 |a Inštitucionálny rámec transformácie železničnej dopravy na Slovensku. Železnice a regionálny rozvoj v Slovenskej republike. Transformácia regionálnych železničných tratí. 
610 2 0 |a železnice 
610 2 0 |a doprava železničná 
610 2 0 |a doprava železničná osobná 
610 2 0 |a transformácia 
610 2 0 |a Slovensko 
610 2 0 |a regióny 
610 2 0 |a trate železničné 
610 2 0 |a obyvateľstvo 
100 1 |a Horňák, Marcel